Reneé Rapp - Paroles Too Well - Statistiques

Statistiques générales
  • Ce quiz a été pris 14 fois
  • Le résultat moyen est 202 sur 261
Statistiques - réponses
Hint Réponse % Correct
a
100%
do
100%
for
100%
I
100%
(I
100%
in
100%
(Mm)
100%
on
100%
to
100%
ugh
100%
up
100%
but
89%
But
89%
don't
89%
good
89%
good,
89%
it
89%
mood
89%
much
89%
much)
89%
my
89%
once
89%
Couplet 1 Today,
89%
too
89%
where
89%
woke
89%
you
89%
You
89%
6
78%
and
78%
And
78%
as
78%
biggest
78%
Can't
78%
dreams,
78%
felt
78%
First
78%
forget
78%
get
78%
hate
78%
I'm
78%
mistake
78%
months,
78%
myself
78%
of
78%
overthinkin'
78%
sick
78%
so
78%
stop
78%
sucks,
78%
there
78%
time
78%
well
78%
weren't
78%
What
78%
what
78%
your
78%
you're
78%
back
67%
could
67%
doin'
67%
else
67%
ends,
67%
face,
67%
finally
67%
happy
67%
heard
67%
hearin'
67%
I'd
67%
Pré-refrain It's
67%
me
67%
name
67%
never
67%
see
67%
shame,
67%
shit
67%
sleep
67%
somewhere
67%
still
67%
that
67%
This
67%
again
56%
at
56%
be
56%
callin'
56%
Cryin'
56%
day
56%
friends
56%
grudge
56%
holdin'
56%
reminiscin'
56%
started
56%
than
56%
2
44%
8,
44%
angry
44%
ask
44%
break
44%
called
44%
crushed
44%
easier
44%
Just
44%
more
44%
rather
44%
replayin'
44%
space,
44%
weeks
44%
wreck,
44%
Aucun quiz correspondant
Distribution des résultats
% des personnes avec chaque résultat
Percentile par nombre de réponses
Votre historique - résultats
Vous n’avez pas pris ce quiz